Science Quiz

Random Science or Anatomy Quiz

Genitourinary anatomy Quiz Stats

Quiz not verified by Sporcle

Challenge
Share
Tweet
Embed
Score 0/24 Timer 20:00
0 Plays Today
Hint Answer % Correct
Muscle that compresses the corpus spongiosumBulbospongiosus muscle
44%
The analogue of the peritoneum in the testesTunica vaginalis
40%
Branches off the posterior branch of the internal iliac artery and runs on anteromedial aspect of piriformis to send branches into pelvic sacral foraminaLateral sacral artery
36%
A portion of L4 unites with L5 to form this, which joins the sacral plexusLumbosacral trunk
36%
Veins that drain the testes into the testicular veinPampiniform plexus
36%
The tough fibrous outer surface of the testesTunica albuginea
36%
Branch off of the umbilical artery, supplies the superior aspect of the urinary bladderSuperior vesical artery
32%
Branch of the posterior division of the internal iliac artery. Passes through greater sciatic foramenSuperior gluteal artery
32%
Main artery of the perineum, travels through the pudendal canal within the obturator fasciaInternal pudendal artery
32%
Directly branches off abdominal aorta and descends over the sacrumMedian sacral artery
32%
Branch of the posterior division of the internal iliac artery. Ascends anterior to the sacroiliac joint and posterior to common iliac vessels and psoas majorIliolumbar artery
32%
S2, S3, and S4 roots, supplies structure in perineumPudendal nerve
32%
Hint Answer % Correct
Continuation of the external oblique aponeurosis into the scrotumExternal spermatic fascia
32%
Part of the broad ligament ot the uterus. Covers the ovaryMesovarium
32%
Name for the muscle of the bladderDetrussor muscle
28%
Branch of the anterior division of the internal iliac artery. Exits pelvis via infrapiriform part of the greater sciatic foramenInferior gluteal artery
28%
Part of the broad ligament of the uterus. Covers the uterine tubeMesosalpinx
28%
Makes up the majority of the broad ligament of the uterusMesometrium
28%
Gland lying on each side of the vestibule in the femal. Partially surrounded by the bulbospongiosus muscleGreater vestibular glands
28%
Branch of external iliac artery. Runs parallel to inguinal ligament to supply iliacus muscleDeep circumflex iliac artery
24%
Occurs only in males, goes on to form the prostatic arteryInferior vesical artery
24%
Arises within pudendal canal and passes to superficial pouch to supply blood to the superficial perineal muscles and scrotum or vestibulePerineal artery
24%
Muscle that forces blood into the distal parts of the corpus cavernosaIschiocavernosus muscle
24%
Thickening of the obturator fascia that provides attachment to the pelvic diaphragm musclesTendinous arch
20%

You're not logged in!

Compare scores with friends on all Sporcle quizzes.
Join for Free
OR
Log In

You Might Also Like...

Show Comments

Extras

Created Mar 20, 2012ReportNominate
Tags:Anatomy Quiz

Top Quizzes Today


Score Distribution

Your Account Isn't Verified!

In order to create a playlist on Sporcle, you need to verify the email address you used during registration. Go to your Sporcle Settings to finish the process.

Report this User

Report this user for behavior that violates our Community Guidelines.

Details: